000 00311 a2200157 4500
001 186524
020 _a85-7272-132-0
040 _cMagnum
100 _aBarreto, Antonio
240 1 0 _aZoonario
_lpor
245 1 0 _aZoonario
300 _a26
362 0 _a2001
697 _aLITERATURA INFANTO
942 _cBK
999 _c186524
_d186524